| 000 | 00000nam 2200000za 4500 |
| 001 | 9.840781 |
| 003 | CaOODSP |
| 005 | 20221107151927 |
| 007 | cr ||||||||||| |
| 008 | 170801s2017||||onca|||do f000 0 eng d |
| 040 | |aCaOODSP|beng |
| 041 | |aeng |
| 041 | |afre |
| 043 | |an-cn--- |
| 086 | 1 |aA15-12624/2017-PDF |
| 245 | 00|aInitiative de recrutement d'étudiants autochtones |h[electronic resource] : |bwww.agr.gc.ca/recrutement. |
| 246 | 33|aIndigenous Students Recruitment Initiative : |bwww.agr.gc.ca/recruitment. |
| 260 | |a[Ottawa] : |bAgriculture Canada. |cc2017. |
| 300 | |a[2] p. |
| 692 | 07|2gccst|aRecruiting |
| 692 | 07|2gccst|aAboriginal youth |
| 710 | 1 |aCanada. |bAgriculture and Agri-Food Canada. |
| 792 | |tInitiative de recrutement d'étudiants autochtones |efre|w(CaOODSP)9.840785 |
| 856 | 40|qPDF|s508 KB|uhttps://publications.gc.ca/collections/collection_2017/aac-aafc/A15-12624-2017.pdf |
| 986 | |aAAFC No. 12624B |